000 00206 a2200097 4500
001 23616
100 _aRoger
245 _aWorked examples in modern physics
260 _a
_bIliffe
_c
090 _c16001
_d16001
942 _aNUST-CAE
_cM
_c6672
999 _c258689
_d258689